Riddles in the Dark (The Hobbit) - Statistics

General Stats
  • This quiz has been taken 543 times
  • The average score is 7 of 17
Answer Stats
Riddle Answer % Correct
What has roots as nobody sees, is taller than trees up, up it goes, and yet never grows? Mountain
84%
Voiceless it cries, wingless flutters, toothless bites, mouthless mutters. Wind
81%
Thirty white horses on a red hill: first they champ, then they stamp, then they stand still. Teeth
80%
What have I got in my pocket? (Answer) The One Ring
68%
This thing all things devours: birds, beasts, trees, flowers; gnaws iron, bites steel; grinds hard stones to meal; slays king, ruins town, and beats high mountain down. Time
59%
What have I got in my pocket? (Gollum's third guess) String / Nothing
54%
A box without hinges, key or lid, yet golden treasure inside is hid. Eggs
50%
What have I got in my pocket? (Gollum's first guess) Hands
45%
It cannot be seen, cannot be felt, cannot be heard, cannot be smelt. It lies behind stars and under hills, and empty holes it fills. It comes first and follows after, ends life, kills laughter. Dark
43%
Alive without breath, as cold as death; never thirsty, ever drinking, all in mail never clinking. Fish
29%
What have I got in my pocket? (Gollum's second guess) Knife
25%
No-legs lay on one-leg, two legs sat near on three legs, four legs got some - What is two-legs? Man
22%
No-legs lay on one-leg, two legs sat near on three legs, four legs got some - What is three-legs? Stool
19%
No-legs lay on one-leg, two legs sat near on three legs, four legs got some - What is no-legs? Fish
18%
No-legs lay on one-leg, two legs sat near on three legs, four legs got some - What is four-legs? Cat
17%
No-legs lay on one-leg, two legs sat near on three legs, four legs got some - What is one-leg? Table
15%
An eye in a blue face saw an eye in a green face. "That eye is like to this eye" said the first eye, "But in low place, not in high place." Sun on the daisies
8%
No matching quizzes found
Score Distribution
Percent of People with Each Score
Percentile by Number Answered
Your Score History
You have not taken this quiz